<?xml version="1.0" encoding="UTF-8"?><?xml-stylesheet type="text/xsl" href="static/style.xsl"?><OAI-PMH xmlns="http://www.openarchives.org/OAI/2.0/" xmlns:xsi="http://www.w3.org/2001/XMLSchema-instance" xsi:schemaLocation="http://www.openarchives.org/OAI/2.0/ http://www.openarchives.org/OAI/2.0/OAI-PMH.xsd"><responseDate>2026-04-29T08:40:27Z</responseDate><request verb="GetRecord" identifier="oai:riubu.ubu.es:10259/6198" metadataPrefix="marc">https://riubu.ubu.es/oai/request</request><GetRecord><record><header><identifier>oai:riubu.ubu.es:10259/6198</identifier><datestamp>2022-11-22T10:49:23Z</datestamp><setSpec>com_10259_5822</setSpec><setSpec>com_10259_5086</setSpec><setSpec>com_10259_2604</setSpec><setSpec>col_10259_5823</setSpec></header><metadata><record xmlns="http://www.loc.gov/MARC21/slim" xmlns:doc="http://www.lyncode.com/xoai" xmlns:xsi="http://www.w3.org/2001/XMLSchema-instance" xmlns:dcterms="http://purl.org/dc/terms/" xsi:schemaLocation="http://www.loc.gov/MARC21/slim http://www.loc.gov/standards/marcxml/schema/MARC21slim.xsd">
<leader>00925njm 22002777a 4500</leader>
<datafield tag="042" ind1=" " ind2=" ">
<subfield code="a">dc</subfield>
</datafield>
<datafield tag="720" ind1=" " ind2=" ">
<subfield code="a">Páez, Teresa</subfield>
<subfield code="e">author</subfield>
</datafield>
<datafield tag="720" ind1=" " ind2=" ">
<subfield code="a">Martínez Cuezva, Alberto</subfield>
<subfield code="e">author</subfield>
</datafield>
<datafield tag="720" ind1=" " ind2=" ">
<subfield code="a">Marcilla, Rebeca</subfield>
<subfield code="e">author</subfield>
</datafield>
<datafield tag="720" ind1=" " ind2=" ">
<subfield code="a">Palma, Jesús</subfield>
<subfield code="e">author</subfield>
</datafield>
<datafield tag="720" ind1=" " ind2=" ">
<subfield code="a">Ventosa Arbaizar, Edgar</subfield>
<subfield code="e">author</subfield>
</datafield>
<datafield tag="260" ind1=" " ind2=" ">
<subfield code="c">2021-11</subfield>
</datafield>
<datafield tag="520" ind1=" " ind2=" ">
<subfield code="a">Aqueous organic redox flow batteries (AORFBs) have recently been attracting much attention due to their potential utilization as a sustainable solution for stationary energy storage. However, AORFBs have still to face various challenges to become a competitive technology to other mature redox flow batteries. Fading of the energy storage capacity upon cycling leading to insufficient lifetime is likely the most pressing issue. Several processes are contributing to this issue. Among the capacity fading promoters, the existence of side reactions such as water splitting and reactions related to oxygen reduction triggers an imbalanced state of charge for the catholyte and anolyte. Herein, a simple electrochemical balancing procedure is proposed and successfully demonstrated through the restoration of the oxidation states of the two half-cell solutions. The results reveal that it is possible to mitigate and even revert the effects of such side reactions, developing a useful method for mitigating the capacity fading and prolonging the cycling performance of AORFBs. In the two case studies, the implementation of this simple charging procedure leads to a remarkable 20-fold reduction of capacity fading (% h−1). The protocol is a general approach for redox flow batteries, easily implementable and inexpensive.</subfield>
</datafield>
<datafield tag="024" ind2=" " ind1="8">
<subfield code="a">0378-7753</subfield>
</datafield>
<datafield tag="024" ind2=" " ind1="8">
<subfield code="a">http://hdl.handle.net/10259/6198</subfield>
</datafield>
<datafield tag="024" ind2=" " ind1="8">
<subfield code="a">10.1016/j.jpowsour.2021.230516</subfield>
</datafield>
<datafield tag="245" ind1="0" ind2="0">
<subfield code="a">Mitigating capacity fading in aqueous organic redox flow batteries through a simple electrochemical charge balancing protocol</subfield>
</datafield>
</record></metadata></record></GetRecord></OAI-PMH>